000 00873nam a22002177a 4500
999 _c16555
_d16555
003 AR-CdUCM
008 190503b ||||| |||| 00| 0 spa d
040 _aMUNICIPALIDAD PROVINCIAL DEL CUSCO
_cBIBLIOTECA MUNICIPAL DEL CUSCO
082 _a621.381 /
_bR65
100 _aRobinson, Vester
_936059
245 _aConceptos sobre electrónica :
_bUn manual programado de auto enseñanza /
260 _aMéxico :
_bDiana,
_c1974.
300 _a367 paginas ;
_bDiagramas,
_c17 cm.
505 _aContenido :Tubos electrónicos --Dispositivos de estado solido --Convención de energía --Control de voltaje --Amplificación ...
650 _aElectrónica
_920355
650 _aTextos programados.
_936060
710 _aCentro regional de ayuda técnica
_910048
710 _aAgencia para el desarrollo internacional
_936061
942 _2ddc
_cLIBROS
945 _arjall
_d2019-05-03